000 00382nam a22001337a 4500
005 20260224113548.0
008 260224b |||||||| |||| 00| 0 eng d
020 _a0553129430
100 _aWilson O. Edward
245 _aOn Human Nature
_c/Edward O. Wilson
260 _aUnited States of America;
_bHavard University Press;
_c1978
300 _axiv,272p. ill;
_c18cm
942 _2ddc
_cBK
_n0
999 _c165
_d165